000 00638nam a2200229Ia 4500
003 OSt
005 20250210103833.0
008 241129s9999||||xx |||||||||||||| ||und||
020 _a9789819927067
037 _aTextual
040 _aRTL
_beng
_cRTL
041 _aeng
_2eng
084 _aXM5:8 R3/TD
_qRTL
100 _aJhunjhunwala, Shital
245 0 _aCorporate governance: Creating value for stakeholders
260 _aSingapore
_bPalgrave Macmillan
_c2023
300 _axxii,273p.
365 _aINR
_bRs.5817
650 _aCorporate Governance
942 _cTB
_hXM5:8 R3/TD
_2CC
_n0
999 _c1225336
_d1225336